Statistics for Flags of the Biggest Countries

Click here to take the quiz!

General Stats

  • This quiz has been taken 74 times
  • The average score is 19 of 20

Answer Stats

Answer% Correct
Argentina
100%
Australia
100%
Brazil
100%
Canada
100%
China
100%
India
100%
Mexico
100%
United States
100%
Indonesia
98%
Russia
98%
Algeria
97%
Kazakhstan
97%
Saudi Arabia
97%
Iran
95%
Mongolia
89%
D.R.Congo
85%
Libya
85%
Peru
85%
Chad
84%
Sudan
77%

Score Distribution

Percentile by Number Answered

Percent of People with Each Score

Your Score History

You have not taken this quiz